000 00505nam a2200205Ia 4500
003 OSt
005 20230307114017.0
008 210210b2002 xxu||||| |||| 00| 0 eng d
040 _cAL
041 _aEnglish
082 _a338.954 DATI
100 _aDATT (Ruddar) and SUNDHARAM (K P M).
_974395
245 _aIndian economy
250 _a45 Rev
260 _aNew Delhi.
_bS. Chand & Co. Ltd.
_c2002
300 _axvi,960
690 _aIndian Economics
_974396
906 _a057303
942 _2ddc
_cBK
999 _c104577
_d104577